[Event "Tradewise Hastings Masters 15-16"]
[Site "Hastings, England"]
[Date "2015.12.29"]
[Round "2.1"]
[White "Williams, Simon K"]
[Black "Berkes, Ferenc"]
[Result "1/2-1/2"]
[WhiteElo "2439"]
[BlackElo "2650"]
[PlyCount "72"]
[EventDate "2015.??.??"]

1. d4 Nf6 2. c4 b6 3. Nf3 Bb7 4. Nc3 e6 5. a3 Be7 6. d5 O-O 7. e4 d6 8. Be2
Nbd7 9. b4 Ne5 10. O-O Nxf3+ 11. Bxf3 Nd7 12. Bb2 Bf6 13. Qb3 Be5 14. g3 a5 15.
Rad1 axb4 16. axb4 c5 17. dxc6 Bxc6 18. Bg2 Qc7 19. f4 Bf6 20. Rc1 Rfc8 21. Nb5
Qb8 22. Rfd1 Bxb2 23. Qxb2 Bxb5 24. cxb5 Rxc1 25. Qxc1 Nf6 26. e5 Nd5 27. f5
dxe5 28. fxe6 fxe6 29. Qc6 Qe8 30. Bxd5 exd5 31. Qxd5+ Kh8 32. Re1 h6 33. Rxe5
Qf8 34. Re1 Rd8 35. Qe4 Qd6 36. Kg2 Qd5 1/2-1/2

[Event "Tradewise Hastings Masters 15-16"]
[Site "Hastings, England"]
[Date "2015.12.29"]
[Round "2.2"]
[White "Khenkin, Igor"]
[Black "Bagi, Mate"]
[Result "1/2-1/2"]
[WhiteElo "2605"]
[BlackElo "2440"]
[PlyCount "48"]
[EventDate "2015.??.??"]

1. d4 Nf6 2. Nf3 g6 3. Bg5 Bg7 4. Nbd2 d5 5. c3 O-O 6. e3 c5 7. dxc5 Qc7 8. b4
e5 9. Bxf6 Bxf6 10. e4 Be6 11. Bd3 Nc6 12. exd5 Bxd5 13. Be4 Be6 14. O-O h6 15.
Qe2 Bg7 16. Nc4 Bxc4 17. Qxc4 Kh7 18. Rad1 Rad8 19. Bxc6 bxc6 20. Rfe1 f5 21.
g3 Rxd1 22. Rxd1 Rd8 23. Rxd8 Qxd8 24. Qf7 Qd3 1/2-1/2

[Event "Tradewise Hastings Masters 15-16"]
[Site "Hastings, England"]
[Date "2015.12.29"]
[Round "2.3"]
[White "Nagy, Gabor"]
[Black "Mista, Aleksander"]
[Result "0-1"]
[WhiteElo "2403"]
[BlackElo "2567"]
[PlyCount "72"]
[EventDate "2015.??.??"]

1. Nf3 g6 2. c4 Bg7 3. Nc3 c5 4. e3 Nf6 5. d4 cxd4 6. Nxd4 O-O 7. Be2 Nc6 8.
O-O b6 9. b3 Bb7 10. Bb2 Nxd4 11. Qxd4 d5 12. Qh4 e6 13. Rac1 dxc4 14. Bxc4 Ne4
15. Qg4 b5 16. Bxb5 Qa5 17. Nxe4 Bxb2 18. Bc6 Bxc1 19. Bxb7 Rab8 20. Rxc1 Rxb7
21. Nf6+ Kg7 22. Qd4 e5 23. Qh4 Rb6 24. Ne4 Rc6 25. Rf1 Qb4 26. a3 Qxa3 27. g4
f5 28. gxf5 gxf5 29. Ng5 h6 30. Nf3 Rg6+ 31. Kh1 Qc5 32. Rd1 Qc6 33. e4 Qxe4
34. Rd7+ Kg8 35. Qxe4 fxe4 36. Nxe5 Rg5 0-1

[Event "Tradewise Hastings Masters 15-16"]
[Site "Hastings, England"]
[Date "2015.12.29"]
[Round "2.4"]
[White "Pap, Gyula"]
[Black "Sarkar, Justin"]
[Result "1/2-1/2"]
[WhiteElo "2551"]
[BlackElo "2407"]
[PlyCount "122"]
[EventDate "2015.??.??"]

1. e4 c6 2. d4 d5 3. e5 Bf5 4. h4 h5 5. Bd3 Bxd3 6. Qxd3 e6 7. Bg5 Qd7 8. Nf3
c5 9. dxc5 Bxc5 10. c4 Bb4+ 11. Nc3 dxc4 12. Qxc4 Bxc3+ 13. bxc3 Qc6 14. O-O-O
Ne7 15. Qb3 Nd5 16. Rxd5 exd5 17. Qa3 Qc7 18. Nd4 Nc6 19. Qc5 Qa5 20. Nb5 a6
21. Nd6+ Kd7 22. Nxb7 Qxc5 23. Nxc5+ Kc7 24. Bf4 Nd8 25. Rh3 Ne6 26. Be3 Nxc5
27. Bxc5 Kd7 28. Rg3 Ke6 29. Bd4 Rh6 30. Rxg7 Rg6 31. Rh7 Rxg2 32. Rxh5 Rag8
33. Kc2 Rxf2+ 34. Bxf2 Rg2 35. Kb3 Rxf2 36. Rg5 Rf5 37. Kb4 Rxe5 38. Kc5 Re4
39. Rxd5 Rxh4 40. Rd6+ Ke5 41. Rd5+ Ke6 42. c4 f5 43. Rd2 Re4 44. a4 f4 45. Rf2
Re5+ 46. Kb6 Re4 47. c5 Rxa4 48. Rc2 Rb4+ 49. Kc7 Kd5 50. c6 f3 51. Kd7 Rf4 52.
c7 Rf7+ 53. Ke8 Rxc7 54. Rxc7 Ke4 55. Re7+ Kd3 56. Rf7 Ke2 57. Re7+ Kf1 58. Ra7
f2 59. Rxa6 Kg1 60. Ra1+ f1=Q 61. Rxf1+ Kxf1 1/2-1/2

[Event "Tradewise Hastings Masters 15-16"]
[Site "Hastings, England"]
[Date "2015.12.29"]
[Round "2.5"]
[White "Radovanovic, Jovica"]
[Black "Vakhidov, Jahongir"]
[Result "0-1"]
[WhiteElo "2321"]
[BlackElo "2546"]
[PlyCount "68"]
[EventDate "2015.??.??"]

1. d4 Nf6 2. Nf3 g6 3. c4 Bg7 4. Nc3 O-O 5. e4 d6 6. Be2 c5 7. d5 e6 8. O-O Re8
9. Nd2 e5 10. Rb1 a6 11. b4 Nbd7 12. Qc2 b6 13. Rb2 Rf8 14. bxc5 bxc5 15. Qa4
Ne8 16. Nb3 a5 17. Bd2 Nb6 18. Qa3 Ba6 19. Nb5 Bxb5 20. cxb5 Qh4 21. f3 f5 22.
Be1 Qg5 23. Nxa5 fxe4 24. fxe4 Rxf1+ 25. Bxf1 Qc1 26. Bd2 Qa1 27. Bc3 Nc4 28.
Nxc4 Rxa3 29. Nxa3 Qc1 30. Nc2 Bh6 31. g3 Be3+ 32. Kg2 Bd2 33. Bxd2 Qxb2 34.
Bd3 c4 0-1

[Event "Tradewise Hastings Masters 15-16"]
[Site "Hastings, England"]
[Date "2015.12.29"]
[Round "2.6"]
[White "Cunningham, Robin"]
[Black "Gormally, Daniel W"]
[Result "1/2-1/2"]
[WhiteElo "2205"]
[BlackElo "2506"]
[PlyCount "76"]
[EventDate "2015.??.??"]

1. e4 c5 2. Nf3 d6 3. d4 Nf6 4. Nc3 cxd4 5. Qxd4 Bd7 6. Bg5 Nc6 7. Qd2 e6 8.
O-O-O a6 9. Bf4 Ng4 10. h3 Nge5 11. Nd4 Be7 12. Bh2 O-O 13. f4 Nxd4 14. Qxd4
Nc6 15. Qe3 Rc8 16. Kb1 Qa5 17. Bc4 Qc7 18. f5 Ne5 19. Bxe5 dxe5 20. fxe6 fxe6
21. Bb3 Rf6 22. Rhf1 Rxf1 23. Rxf1 b5 24. Rd1 Rf8 25. Qd3 Bc8 26. a3 Qb6 27.
Rf1 Qd4 28. Rxf8+ Kxf8 29. Qf3+ Bf6 30. Qg4 Qd7 31. a4 Ke7 32. axb5 axb5 33.
Qe2 b4 34. Na2 Qd4 35. Qc4 Kd8 36. Nxb4 Qg1+ 37. Ka2 Qa7+ 38. Kb1 Qg1+ 1/2-1/2

[Event "Tradewise Hastings Masters 15-16"]
[Site "Hastings, England"]
[Date "2015.12.29"]
[Round "2.7"]
[White "Fodor, Tamas Jr"]
[Black "Bates, Richard A"]
[Result "1-0"]
[WhiteElo "2492"]
[BlackElo "2331"]
[PlyCount "117"]
[EventDate "2015.??.??"]

1. d4 Nf6 2. c4 e6 3. Nc3 Bb4 4. Qc2 Nc6 5. Nf3 d6 6. Bd2 O-O 7. a3 Bxc3 8.
Bxc3 Qe7 9. e3 e5 10. Be2 Bg4 11. dxe5 dxe5 12. O-O a5 13. Rfd1 Rfe8 14. Rac1
e4 15. Nd4 Ne5 16. Bxg4 Nexg4 17. h3 Ne5 18. Qb3 c6 19. Nf5 Qe6 20. Nd6 Re7 21.
Bxe5 Qxe5 22. Rd4 c5 23. Rd2 Rd7 24. Rcd1 Rad8 25. Qc3 Qxc3 26. bxc3 Kf8 27.
Nxe4 Ke7 28. Rxd7+ Rxd7 29. Rxd7+ Nxd7 30. Kf1 Nb6 31. Nxc5 Nxc4 32. Nxb7 Kd7
33. a4 Kc7 34. Nc5 Nb2 35. Ke2 Kb6 36. Nd7+ Kc7 37. Ne5 f6 38. Nd3 Nxa4 39. Kd2
Nb6 40. Nc5 g6 41. Kc2 Kc6 42. Ne4 Nd7 43. c4 f5 44. Ng5 Nf6 45. f3 Kd6 46. Kb3
Ke7 47. h4 Kd6 48. Nf7+ Kc5 49. Ne5 Kd6 50. Nd3 Nd7 51. e4 fxe4 52. fxe4 Kc6
53. e5 Nb6 54. c5 Nd5 55. Ka4 Ne3 56. Kxa5 Nxg2 57. e6 Ne3 58. Ne5+ Kxc5 59. e7
1-0

[Event "Tradewise Hastings Masters 15-16"]
[Site "Hastings, England"]
[Date "2015.12.29"]
[Round "2.8"]
[White "Hebden, Mark L"]
[Black "Karthik, V. AP."]
[Result "0-1"]
[WhiteElo "2469"]
[BlackElo "2310"]
[PlyCount "122"]
[EventDate "2015.??.??"]

1. d4 Nf6 2. Bg5 c5 3. d5 Qb6 4. Nc3 Qxb2 5. Bd2 Qb6 6. e4 d6 7. f4 e6 8. Rb1
Qd8 9. Bb5+ Bd7 10. dxe6 fxe6 11. e5 dxe5 12. fxe5 Nd5 13. Qg4 Nc6 14. Nf3 Nxc3
15. Bxc3 Qc7 16. O-O O-O-O 17. Ng5 Re8 18. Nf7 Rg8 19. Rfd1 Nd4 20. Nd6+ Bxd6
21. exd6 Qxd6 22. Bxd4 Bxb5 23. Bf2 Qa6 24. Bg3 Be2 25. Qg5 e5 26. Re1 Kb8 27.
Bxe5+ Ka8 28. Bg3 Qc6 29. a4 h6 30. Qd2 Bc4 31. a5 Rd8 32. Qc3 Bd5 33. Re2 Rge8
34. Rbe1 Rxe2 35. Rxe2 Qb5 36. Re1 Bc6 37. Bf2 c4 38. h3 Qg5 39. Qg3 Qxg3 40.
Bxg3 Rd2 41. Bf2 Rxc2 42. Re7 c3 43. Rxg7 Kb8 44. Rg8+ Kc7 45. Bxa7 Re2 46.
Bb8+ Kd7 47. Bf4 c2 48. Bxh6 Re1+ 49. Kf2 c1=Q 50. Bxc1 Rxc1 51. g4 Ra1 52. h4
Rxa5 53. h5 Ra1 54. h6 Rh1 55. g5 Be4 56. Ke3 Bb1 57. Kd4 Kc7 58. Ke5 b5 59.
Kd4 b4 60. Kc5 b3 61. Rg7+ Kc8 0-1

[Event "Tradewise Hastings Masters 15-16"]
[Site "Hastings, England"]
[Date "2015.12.29"]
[Round "2.9"]
[White "Sulskis, Sarunas"]
[Black "Romanishin, Oleg M"]
[Result "1-0"]
[WhiteElo "2535"]
[BlackElo "2462"]
[PlyCount "91"]
[EventDate "2015.??.??"]

1. e4 e5 2. f4 exf4 3. Nf3 d5 4. exd5 Nf6 5. Bb5+ Nbd7 6. c4 Be7 7. d4 O-O 8.
Bxd7 Bb4+ 9. Nc3 Qe7+ 10. Qe2 Qxe2+ 11. Kxe2 Bxd7 12. Bxf4 b5 13. Nxb5 Rfe8+
14. Kf2 Bxb5 15. cxb5 Nxd5 16. Bg3 Nf6 17. Rhc1 Ne4+ 18. Kf1 Nxg3+ 19. hxg3 Bd6
20. g4 h6 21. Rc6 Re4 22. a4 Rxg4 23. Ra6 Re4 24. Re1 Rf4 25. a5 Rb8 26. Rxa7
Rxb5 27. Ra1 Rb8 28. a6 g5 29. Rb7 Ra8 30. a7 Rxa7 31. Raxa7 g4 32. Rb3 gxf3
33. Rxf3 Rxd4 34. Ra5 Rd1+ 35. Ke2 Rb1 36. Rb5 Kg7 37. Rf1 Rxf1 38. Kxf1 Kg6
39. g4 f6 40. Rf5 Be5 41. b3 Kf7 42. Ke2 Ke6 43. Kd3 Kd5 44. Rh5 Kc5 45. Rxh6
Kb4 46. Rh5 1-0

[Event "Tradewise Hastings Masters 15-16"]
[Site "Hastings, England"]
[Date "2015.12.29"]
[Round "2.10"]
[White "Flear, Glenn C"]
[Black "Rayner, Francis"]
[Result "1-0"]
[WhiteElo "2459"]
[BlackElo "2106"]
[PlyCount "99"]
[EventDate "2015.??.??"]

1. d4 Nf6 2. c4 e6 3. Nf3 c5 4. d5 exd5 5. cxd5 d6 6. Nc3 a6 7. a4 g6 8. h3 Bg7
9. e4 Nbd7 10. Bd3 Nh5 11. Bg5 Bf6 12. Be3 Ne5 13. Be2 Nxf3+ 14. Bxf3 Bg5 15.
Qd2 Bxe3 16. Qxe3 Qf6 17. Bxh5 gxh5 18. O-O Rg8 19. Rae1 Qg6 20. Qf3 f6 21. Ne2
Bd7 22. Nf4 Qg5 23. Nxh5 O-O-O 24. Nf4 Rde8 25. b3 f5 26. Re3 fxe4 27. Rxe4
Rxe4 28. Qxe4 Qh4 29. Qe3 Qg5 30. Kh2 Re8 31. Qd2 Re4 32. g3 Bf5 33. Qc3 Re5
34. b4 Qe7 35. Rc1 c4 36. Qxc4+ Kb8 37. a5 Re4 38. Qc3 Qd7 39. Re1 Qe7 40. Rxe4
Qxe4 41. Qf6 Qe5 42. Qxe5 dxe5 43. Ne2 Kc7 44. g4 Bd3 45. Nc3 b6 46. axb6+ Kxb6
47. Kg3 a5 48. bxa5+ Kxa5 49. d6 Kb6 50. Nd5+ 1-0

[Event "Tradewise Hastings Masters 15-16"]
[Site "Hastings, England"]
[Date "2015.12.29"]
[Round "2.11"]
[White "Krishna C R G"]
[Black "Atako, Chino C"]
[Result "1-0"]
[WhiteElo "2367"]
[BlackElo "2050"]
[Annotator "Carr,Matthew"]
[PlyCount "69"]
[EventDate "2015.??.??"]

1. d4 Nf6 2. Nf3 g6 3. Nc3 d5 4. Bf4 Bg7 5. e3 O-O 6. Be2 c5 7. dxc5 Nbd7 8.
O-O Nxc5 9. Be5 Nce4 10. Nb5 Bg4 11. h3 Bxf3 12. Bxf3 Qb6 13. a4 a6 14. Nd4
Rac8 15. a5 Qc5 16. c3 Nd6 17. Nb3 Qb5 18. Bxf6 Bxf6 19. Qxd5 Qd7 20. Nc5 Qc7
21. Ne4 Nxe4 22. Qxe4 Rb8 23. Ra4 b5 24. axb6 Rxb6 25. Rc4 Qd7 26. Rd1 Qb5 27.
b4 Qa4 28. Rc7 a5 29. Ra7 Bxc3 30. bxa5 Rb4 31. Qxe7 Rb5 32. Rd8 Rb1+ 33. Kh2
Be5+ 34. g3 Bxg3+ 35. Kxg3 1-0

[Event "Tradewise Hastings Masters 15-16"]
[Site "Hastings, England"]
[Date "2015.12.29"]
[Round "2.12"]
[White "Norinkeviciute, Rasa"]
[Black "Arkell, Keith C"]
[Result "0-1"]
[WhiteElo "2036"]
[BlackElo "2490"]
[PlyCount "106"]
[EventDate "2015.??.??"]

1. c4 b6 2. Nc3 Bb7 3. e4 e6 4. Nge2 d6 5. d3 Nd7 6. g3 g6 7. Bg2 Bg7 8. Be3
Ne7 9. Qd2 h6 10. O-O a6 11. f4 Rb8 12. Rab1 Ba8 13. b4 O-O 14. f5 exf5 15.
Bxh6 Ne5 16. Bxg7 Kxg7 17. exf5 Nxf5 18. Nd5 c6 19. Ndc3 Rh8 20. Rxf5 gxf5 21.
Nd4 Rh5 22. Rf1 Qf6 23. Ne4 Qg6 24. Nc3 c5 25. Nc2 Bxg2 26. Qxg2 Rbh8 27. h4
Nxd3 28. Nd5 f4 29. Nxf4 Nxf4 30. Rxf4 Rf5 31. Re4 Re5 32. Rxe5 dxe5 33. bxc5
bxc5 34. Ne3 Rb8 35. Qf3 e4 36. Qf4 Rb6 37. Nf5+ Kh7 38. g4 Qf6 39. g5 Rb1+ 40.
Kg2 Qb2+ 41. Qf2 Qxf2+ 42. Kxf2 Rb2+ 43. Ke3 Rxa2 44. Kxe4 Rd2 45. h5 a5 46.
Ne3 a4 47. Nd5 a3 48. Nc3 a2 49. Nxa2 Rxa2 50. g6+ Kg7 51. gxf7 Rh2 52. Kd5
Rxh5+ 53. Ke6 Kf8 0-1

[Event "Tradewise Hastings Masters 15-16"]
[Site "Hastings, England"]
[Date "2015.12.29"]
[Round "2.13"]
[White "Willson, Ollie"]
[Black "Eggleston, David J"]
[Result "1/2-1/2"]
[WhiteElo "2033"]
[BlackElo "2396"]
[PlyCount "173"]
[EventDate "2015.??.??"]

1. d4 Nf6 2. Nf3 e6 3. c4 b6 4. g3 Bb7 5. Bg2 Be7 6. O-O O-O 7. Nc3 Na6 8. Re1
d5 9. cxd5 exd5 10. Ne5 c5 11. e3 Nc7 12. Nd3 c4 13. Nf4 b5 14. e4 dxe4 15.
Nxe4 Rb8 16. Ng5 Bxg2 17. Kxg2 Re8 18. Nf3 Ncd5 19. Nxd5 Nxd5 20. Ne5 Rb6 21.
a4 f6 22. Nf3 b4 23. Nh4 Bf8 24. Rxe8 Qxe8 25. Qf3 Qf7 26. Nf5 c3 27. Qg4 Kh8
28. b3 Re6 29. Ne3 Re8 30. Rb1 Nxe3+ 31. fxe3 h5 32. Qf5 g6 33. Qb5 Qe6 34. Qd3
Qd5+ 35. Kf2 f5 36. Qa6 Qf7 37. Qb5 Rd8 38. a5 Qe6 39. Qb7 Rd7 40. Qc8 Kg8 41.
Qc4 Rd5 42. Ra1 a6 43. Ra2 Be7 44. Qc7 Kf7 45. Qc4 Kg7 46. Kg1 Kf7 47. Kf2 h4
48. Kg1 Rb5 49. Qxe6+ Kxe6 50. Kf2 Bd8 51. gxh4 Rxa5 52. Rxa5 Bxa5 53. Kf3 Bd8
54. h5 gxh5 55. e4 fxe4+ 56. Kxe4 Bh4 57. d5+ Kd7 58. Bf4 Be1 59. Kd3 a5 60.
Be5 h4 61. h3 Bg3 62. Bg7 Kd6 63. Kc4 Bf4 64. Bf8+ Ke5 65. Kd3 Kxd5 66. Be7 Bg3
67. Bd8 Ke6 68. Bxa5 Bd6 69. Bb6 Be7 70. Be3 Kf5 71. Bh6 Bd6 72. Be3 Bf8 73.
Bf2 Be7 74. Be3 c2 75. Kxc2 Ke4 76. Bb6 Kf3 77. Kd3 Bd6 78. Bd8 Kg3 79. Ke3
Kxh3 80. Kf3 Bg3 81. Be7 Kh2 82. Bxb4 h3 83. Bc5 Bc7 84. b4 Kh1 85. b5 h2 86.
Kf2 Bb6 87. Bxb6 1/2-1/2

[Event "Tradewise Hastings Masters 15-16"]
[Site "Hastings, England"]
[Date "2015.12.29"]
[Round "2.14"]
[White "Longson, Alexander"]
[Black "Ramstad, Havard"]
[Result "1/2-1/2"]
[WhiteElo "2320"]
[BlackElo "2026"]
[PlyCount "51"]
[EventDate "2015.??.??"]

1. d4 Nf6 2. Nf3 e6 3. c4 Bb4+ 4. Nbd2 b6 5. g3 Bb7 6. Bg2 O-O 7. O-O Be7 8.
Qc2 c5 9. b3 cxd4 10. Nxd4 Bxg2 11. Kxg2 d6 12. N2f3 a6 13. a4 Qc7 14. Ba3 Nbd7
15. Rfd1 Rfe8 16. Rac1 Rac8 17. Qb1 Qb7 18. Kg1 Nc5 19. Qa2 Nce4 20. Bb2 Rc7
21. h3 g6 22. Qa1 Rec8 23. Ba3 Nc5 24. Qa2 Nce4 25. Qa1 Nc5 26. Qa2 1/2-1/2

[Event "Tradewise Hastings Masters 15-16"]
[Site "Hastings, England"]
[Date "2015.12.29"]
[Round "2.15"]
[White "Gallagher, Daniel GH"]
[Black "Batchelor, Peter J"]
[Result "0-1"]
[WhiteElo "2010"]
[BlackElo "2307"]
[PlyCount "146"]
[EventDate "2015.??.??"]

1. e4 c6 2. d4 d5 3. Nc3 dxe4 4. Nxe4 Nf6 5. Nxf6+ exf6 6. Nf3 Bg4 7. Be2 Bd6
8. O-O O-O 9. h3 Bh5 10. c4 Qc7 11. Be3 Nd7 12. Rc1 Rfe8 13. d5 c5 14. a3 f5
15. Re1 Nf6 16. b4 b6 17. bxc5 bxc5 18. Nh4 Bxe2 19. Rxe2 g6 20. Rb2 Be5 21.
Rb5 Ne4 22. Qd3 Bh2+ 23. Kf1 Bf4 24. Re1 Bxe3 25. Rxe3 Qf4 26. Nf3 g5 27. Rb2
g4 28. hxg4 fxg4 29. Ne1 g3 30. Rbe2 f5 31. Nf3 gxf2 32. d6 Ng3+ 33. Kxf2 Nxe2
34. Rxe2 Rxe2+ 35. Kxe2 Re8+ 36. Kf2 Rd8 37. Qd5+ Kg7 38. Qxc5 Qxd6 39. Qxa7+
Rd7 40. Qa5 Qf6 41. Qb5 Rc7 42. a4 h6 43. a5 f4 44. a6 Ra7 45. Qb8 Qxa6 46.
Qxf4 Qb6+ 47. Kg3 Qg6+ 48. Kh2 Re7 49. Qd4+ Kh7 50. Qd5 Qe4 51. Qd6 Rg7 52. Qd5
Qxd5 53. cxd5 Rd7 54. Kg3 Rxd5 55. Kh4 Rf5 56. Nh2 Rf2 57. Kh3 Kg6 58. g4 Kf6
59. Kg3 Ra2 60. Nf3 Ke6 61. Kh4 Kf6 62. Kg3 Ra4 63. Kh4 Ra3 64. Kg3 Ke6 65. Kf4
Ra4+ 66. Kg3 Kd5 67. Nh4 Ke5 68. Nf5 h5 69. Nh6 Ra6 70. Nf7+ Kf6 71. Nh6 Kg6
72. Ng8 hxg4 73. Kxg4 Kf7 0-1

[Event "Tradewise Hastings Masters 15-16"]
[Site "Hastings, England"]
[Date "2015.12.29"]
[Round "2.16"]
[White "Larsen, Andreas"]
[Black "Wadsworth, Matthew J"]
[Result "0-1"]
[WhiteElo "1998"]
[BlackElo "2273"]
[PlyCount "42"]
[EventDate "2015.??.??"]

1. d4 d5 2. Nf3 Nf6 3. e3 c5 4. c3 Qc7 5. Bd3 Nbd7 6. Nbd2 g6 7. Qe2 Bg7 8. e4
dxe4 9. Nxe4 O-O 10. O-O Nxe4 11. Qxe4 cxd4 12. cxd4 Nf6 13. Qh4 b6 14. Bh6
Bxh6 15. Qxh6 Bb7 16. Rac1 Qd6 17. Ng5 Qxd4 18. Rc4 Qxd3 19. Rf4 Ba6 20. Ra1
Rfd8 21. h3 Rd5 0-1

[Event "Tradewise Hastings Masters 15-16"]
[Site "Hastings, England"]
[Date "2015.12.29"]
[Round "2.17"]
[White "Ripari, Marcelo"]
[Black "Sikkel, Dirk"]
[Result "1/2-1/2"]
[WhiteElo "2310"]
[BlackElo "1991"]
[PlyCount "60"]
[EventDate "2015.??.??"]

1. e4 g6 2. d4 Bg7 3. Nc3 d6 4. f4 a6 5. Nf3 b5 6. Bd3 Nd7 7. e5 c5 8. Be3 b4
9. Ne4 Nh6 10. dxc5 dxe5 11. c6 Nb8 12. Nxe5 Qc7 13. c3 Bxe5 14. fxe5 Ng4 15.
Bf4 Nxc6 16. O-O Ngxe5 17. Kh1 O-O 18. Bc2 bxc3 19. Nxc3 Be6 20. Qe1 f6 21. Be4
Rab8 22. Rc1 Rfd8 23. Bxc6 Qxc6 24. Bxe5 fxe5 25. Qxe5 Qd6 26. Qe2 Bf5 27. Rfe1
e6 28. Red1 Qb4 29. Rxd8+ Rxd8 30. Qf2 Qd4 1/2-1/2

[Event "Tradewise Hastings Masters 15-16"]
[Site "Hastings, England"]
[Date "2015.12.29"]
[Round "2.18"]
[White "Taylor, Adam C"]
[Black "Pickersgill, Adrian O"]
[Result "1-0"]
[WhiteElo "2282"]
[BlackElo "1986"]
[PlyCount "63"]
[EventDate "2015.??.??"]

1. d4 d6 2. e4 Nf6 3. Nc3 c6 4. Nf3 Bg4 5. h3 Bh5 6. g4 Bg6 7. Qe2 e6 8. h4 h5
9. g5 Nfd7 10. Bh3 Be7 11. d5 cxd5 12. exd5 e5 13. Be3 O-O 14. O-O-O Na6 15.
Nd2 Nb6 16. Qb5 Qc7 17. a3 Bd8 18. Rhe1 Nc5 19. Bxc5 dxc5 20. Nc4 Nxc4 21. Qxc4
a6 22. d6 Qc6 23. Qd5 Qxd5 24. Nxd5 f6 25. f4 exf4 26. Nxf4 Kh7 27. Ne6 Re8 28.
d7 Rg8 29. Nxd8 Rgxd8 30. Rd5 fxg5 31. Rxg5 c4 32. Reg1 1-0

[Event "Tradewise Hastings Masters 15-16"]
[Site "Hastings, England"]
[Date "2015.12.29"]
[Round "2.19"]
[White "Rice, Chris B"]
[Black "Anderson, John"]
[Result "1/2-1/2"]
[WhiteElo "1956"]
[BlackElo "2247"]
[PlyCount "122"]
[EventDate "2015.??.??"]

1. c4 Nf6 2. g3 g6 3. Bg2 Bg7 4. Nc3 O-O 5. e4 d6 6. Nge2 c5 7. O-O Nc6 8. d3
Rb8 9. h3 a6 10. a4 Bd7 11. Be3 Ne8 12. d4 cxd4 13. Nxd4 Nc7 14. Qd2 Nxd4 15.
Bxd4 Bxd4 16. Qxd4 Ne6 17. Qe3 Bc6 18. f4 a5 19. f5 Nc5 20. Rf4 Qb6 21. Nd5
Bxd5 22. exd5 Nd7 23. Qxb6 Nxb6 24. b3 Nd7 25. Re1 Ne5 26. Re3 Kg7 27. Rf1 b6
28. Be4 Rbe8 29. Bc2 Rh8 30. Kg2 Reg8 31. Re2 Kf8 32. f6 exf6 33. Rxf6 Ke7 34.
Ref2 Rf8 35. Bb1 Nd7 36. R6f4 f5 37. Bc2 Ne5 38. Re2 Rf6 39. Ref2 Rhf8 40. Rf1
h5 41. R1f2 R8f7 42. Kf1 Kf8 43. Ke2 Kg7 44. Kd2 Rf8 45. Kc3 R6f7 46. Rf1 Re7
47. Bd1 Nd7 48. g4 fxg4 49. Rxf8 Nxf8 50. hxg4 h4 51. g5 h3 52. Rh1 Re3+ 53.
Kd4 Rg3 54. Ke4 Nd7 55. Kf4 Rd3 56. Bg4 Nc5 57. Rxh3 Rxh3 58. Bxh3 Nxb3 59. Bd7
Kf7 60. Bb5 Ke7 61. Kg4 Nd4 1/2-1/2

[Event "Tradewise Hastings Masters 15-16"]
[Site "Hastings, England"]
[Date "2015.12.29"]
[Round "2.20"]
[White "Golding, Alex"]
[Black "Lyell, Mark"]
[Result "1/2-1/2"]
[WhiteElo "1955"]
[BlackElo "2228"]
[PlyCount "150"]
[EventDate "2015.??.??"]

1. e4 e6 2. d4 d5 3. Nc3 Nf6 4. e5 Nfd7 5. Nf3 c5 6. dxc5 Bxc5 7. Bd3 Nc6 8.
Qe2 Nb4 9. O-O Nxd3 10. cxd3 O-O 11. Bg5 f6 12. exf6 Nxf6 13. d4 Bb6 14. Qd3
Qe8 15. Rfe1 Qh5 16. Bxf6 gxf6 17. Rac1 Bd7 18. Ne2 Qh6 19. Ng3 Rac8 20. Rxc8
Rxc8 21. Ne2 Ba5 22. Nc3 Kf7 23. Nd2 Bc7 24. g3 Qg6 25. Qf3 Bc6 26. b4 Qg5 27.
Nb3 b6 28. h4 Qf5 29. Qxf5 exf5 30. Rc1 Bb7 31. Nb5 Bb8 32. Rxc8 Bxc8 33. Nc3
Ke6 34. f4 Bd6 35. a3 a5 36. bxa5 bxa5 37. Nb5 a4 38. Nc5+ Bxc5 39. dxc5 d4 40.
c6 Kd5 41. Na7 Ba6 42. c7 d3 43. Kf2 d2 44. c8=Q Bxc8 45. Ke2 Ba6+ 46. Kxd2 Kc5
47. Kc3 Kb6 48. Kd4 Kxa7 49. Kd5 Kb6 50. Ke6 Kc5 51. h5 Kc4 52. h6 Kb3 53. Kf7
Kxa3 54. Kg7 Kb4 55. Kxh7 a3 56. Kg6 a2 57. h7 a1=Q 58. h8=Q Qd4 59. Qb8+ Kc3
60. Qc7+ Kd3 61. Kxf5 Bb5 62. Qe7 Bd7+ 63. Kg6 f5 64. Qa3+ Ke2 65. Qe7+ Kf3 66.
Qe1 Qd3 67. Kg5 Kg2 68. Kf6 Kh3 69. Ke5 Kg4 70. Kf6 Bc6 71. Qe6 Be4 72. Qg8+
Kh3 73. Qg5 Qxg3 74. Ke5 Qxg5 75. fxg5 Kg4 1/2-1/2

[Event "Tradewise Hastings Masters 15-16"]
[Site "Hastings, England"]
[Date "2015.12.29"]
[Round "2.21"]
[White "Rudd, Jack"]
[Black "Brewer, Callum D"]
[Result "1-0"]
[WhiteElo "2255"]
[BlackElo "1945"]
[PlyCount "75"]
[EventDate "2015.??.??"]

1. d4 Nf6 2. c4 e6 3. Nf3 Bb4+ 4. Bd2 a5 5. Nc3 b6 6. e3 Bb7 7. Bd3 d6 8. Qc2
Nbd7 9. O-O-O Qe7 10. e4 O-O-O 11. Rhe1 Bxc3 12. Bxc3 e5 13. d5 Nc5 14. Bf1 g6
15. b3 Kd7 16. a3 a4 17. b4 Nb3+ 18. Kb2 Ra8 19. c5 bxc5 20. Bb5+ Kd8 21. bxc5
Nxc5 22. Nxe5 dxe5 23. Bb4 Nfd7 24. Bxd7 Qxd7 25. Qxc5 Ra6 26. f4 Re8 27. Ba5
Kc8 28. Rc1 Rxa5 29. Qxa5 exf4 30. Rc4 Re7 31. Rec1 Qd6 32. Qxa4 g5 33. Qa7 f3
34. gxf3 Qxh2+ 35. R1c2 Qe5+ 36. Ka2 Qd6 37. Rb4 Ba6 38. Rb6 1-0

[Event "Tradewise Hastings Masters 15-16"]
[Site "Hastings, England"]
[Date "2015.12.29"]
[Round "2.22"]
[White "Gluckman, Paul"]
[Black "Kett, Tim"]
[Result "1-0"]
[WhiteElo "1742"]
[BlackElo "2192"]
[PlyCount "89"]
[EventDate "2015.??.??"]

1. e4 c5 2. Nf3 Nc6 3. d4 cxd4 4. Nxd4 e5 5. Nb5 d6 6. N1c3 a6 7. Na3 b5 8. Nd5
Be7 9. Be3 Rb8 10. Qd2 Nf6 11. Nxf6+ Bxf6 12. Rd1 Be7 13. Be2 O-O 14. O-O Bb7
15. c4 b4 16. Nc2 Qc8 17. b3 f5 18. Bg5 Bxg5 19. Qxg5 Rf6 20. exf5 Rxf5 21. Qg3
Qf8 22. Bd3 Rf4 23. f3 Nd4 24. Nxd4 Rxd4 25. Qh3 g6 26. Bb1 Qf4 27. Qe6+ Kg7
28. Qe7+ Kh6 29. Rde1 Bc6 30. Qc7 Rd2 31. Qxc6 Qd4+ 32. Kh1 Rf8 33. Qe4 Qb2 34.
Qg4 Rf4 35. Qg3 a5 36. Re4 Rxe4 37. fxe4 Qd4 38. Qh4+ Kg7 39. Qf6+ Kh6 40. Qf8+
Kh5 41. h3 Qe3 42. Qg7 h6 43. Qf7 Qg3 44. Rf5+ Kh4 45. Qf6+ 1-0

[Event "Tradewise Hastings Masters 15-16"]
[Site "Hastings, England"]
[Date "2015.12.29"]
[Round "2.23"]
[White "Prosviriakov, Vladimir"]
[Black "Borland, Scott"]
[Result "1-0"]
[WhiteElo "2232"]
[BlackElo "1651"]
[PlyCount "21"]
[EventDate "2015.??.??"]

1. e4 c6 2. Nc3 d5 3. Nf3 dxe4 4. Nxe4 Bf5 5. Ng3 Bg6 6. h4 h6 7. Ne5 Bh7 8.
Qh5 g6 9. Bc4 e6 10. Qe2 Nf6 11. Nxf7 1-0

[Event "Tradewise Hastings Masters 15-16"]
[Site "Hastings, England"]
[Date "2015.12.29"]
[Round "2.24"]
[White "Rolvag, Mikael"]
[Black "Eggleston, Thomas A"]
[Result "1/2-1/2"]
[WhiteElo "2221"]
[BlackElo "2159"]
[PlyCount "82"]
[EventDate "2015.??.??"]

1. c4 b6 2. d4 Bb7 3. Nf3 e6 4. a3 f5 5. Nc3 Nf6 6. d5 Be7 7. g3 Ne4 8. Bd2 Bf6
9. Rc1 O-O 10. Bg2 Na6 11. O-O Nac5 12. b4 Nxc3 13. Bxc3 Bxc3 14. Rxc3 Ne4 15.
Rc1 Qe7 16. dxe6 dxe6 17. Qd4 Rad8 18. Qe5 c5 19. Rfd1 Rd7 20. Rd3 Rfd8 21.
Rcd1 Rd6 22. Ne1 Rxd3 23. Rxd3 Rc8 24. b5 Kf7 25. Nf3 h6 26. h4 Rd8 27. Qb2 Kg8
28. Ne5 Rxd3 29. exd3 Nf6 30. Bxb7 Qxb7 31. Nc6 Qd7 32. Qe2 Ng4 33. Kg2 a6 34.
a4 axb5 35. axb5 Qd6 36. f3 Nf6 37. Qe3 Nd7 38. f4 Nf6 39. Ne5 Nd7 40. Nc6 Nf6
41. Ne5 Nd7 1/2-1/2

[Event "Tradewise Hastings Masters 15-16"]
[Site "Hastings, England"]
[Date "2015.12.29"]
[Round "2.25"]
[White "Snape, Ian L"]
[Black "Burrows, Martin P"]
[Result "1-0"]
[WhiteElo "2168"]
[BlackElo "2145"]
[PlyCount "81"]
[EventDate "2015.??.??"]

1. d4 Nf6 2. Nf3 e6 3. c4 b6 4. g3 Ba6 5. Qc2 Bb4+ 6. Bd2 Bxd2+ 7. Nbxd2 d6 8.
Bg2 Bb7 9. e4 Nbd7 10. O-O e5 11. b4 Qe7 12. Rac1 c5 13. bxc5 bxc5 14. Rb1 Rb8
15. d5 Nb6 16. Nb3 O-O 17. Na5 Ba8 18. Nh4 g6 19. Rb3 Qd7 20. Rfb1 Rbc8 21. Rb5
Ne8 22. Qd2 Nc7 23. R5b3 Ne8 24. f4 Qe7 25. f5 g5 26. f6 Qxf6 27. Rf1 Qd8 28.
Nf5 Rc7 29. h4 f6 30. Bh3 Kh8 31. Rbf3 gxh4 32. Nxh4 Rg7 33. Qh6 Rfg8 34. Kh2
Nxd5 35. cxd5 Qxa5 36. Be6 Qd8 37. Bxg8 Rxg8 38. Rxf6 Nxf6 39. Rxf6 Qe7 40.
Ng6+ Rxg6 41. Rxg6 1-0